000 00279nam a2200097Ia 4500
001 730010
005 20250826163706.0
008 250824s9999 xx 000 0 und d
245 0 _aŞU HORTUMLU DÜNYADA FİL YALNIZ BİR HAYVANDIR
_cAHMET ŞERİF İZGÖREN
260 _bELMA YAYINLARI
999 _c730010
_d730010